Prevenció del consum de tabac, tu decideixes!
Descripción Física:
1 tríptic ; il. col. ; 10 x 21 cm.
Materias:
Hàbit de fumar -- Prevenció
; Adolescents -- Salut i higiene -- Barcelona (Catalunya : Província)
Idioma:
Catalán
MARC
| LEADER | 00000nam a22000007a 4500 | ||
|---|---|---|---|
| 001 | 27490 | ||
| 003 | Arxiu | ||
| 005 | 20260324181155.0 | ||
| 008 | 230307b spa||||| |||| 00| 0 cat d | ||
| 017 | |a B 12721-2021 | ||
| 040 | |a agdb |b cat | ||
| 110 | |9 52202 |a Barcelona (Catalunya : Província). |b Servei de Salut Pública | ||
| 245 | |a Prevenció del consum de tabac, tu decideixes! | ||
| 260 | |a Barcelona : |b Diputació de Barcelona. Servei de Salut Pública ; |c 2021 | ||
| 300 | |a 1 tríptic ; |b il. col. ; |c 10 x 21 cm. | ||
| 650 | 0 | |2 Arxiu |9 46571 |a Hàbit de fumar |x Prevenció | |
| 650 | 0 | |9 50294 |a Adolescents |x Salut i higiene |z Barcelona (Catalunya : Província) | |
| 710 | |a Barcelona (Catalunya : Província). |b Àrea d'Igualtat i Sostenibilitat Social |9 55833 | ||
| 942 | |2 udc |c ARXIU |n 1 | ||
| 952 | |0 0 |1 0 |2 udc |4 0 |6 FU74127 |7 1 |9 65538 |a Arxiu |b Arxiu |d 2023-03-07 |l 0 |o FU-74-127 |p 27490 |r 2023-03-07 00:00:00 |w 2023-03-07 |y ARXIU | ||
| 999 | |c 83165 |d 83165 | ||